000 01278nam2a2200289 4500
001 RU\NLR\bibl\907221
005 20260406134136.0
010 _a5-9697-0029-0
_bт. 3
_93000
021 _aRU
_b2005-84305
_94172
035 _a(NLR Aleph) 000895593
090 _a1745558
_c1745558
100 _a20060214d2005 |||y0rusy50 ca
101 1 _arus
_cdan
102 _aRU
105 _aach |||||||||
200 1 _aСказка моей жизни
_fпер. с дат.: О. Рождественского, Б. Ерхова
210 _d2005
_aБ. м.
215 _a701, [2] с.
_cил., факс., портр.
300 _aНа обл. только авт. и частн. загл. тома
461 0 _1001RU\NLR\bibl\882383
_12001#$aСобрание сочинений$vТ. 3
_91599058
_aАндерсен, Х. К. (1805-1875)
_cМосква
_d2005
_fХанс Кристиан Андерсен
_nВагриус
_oв 4 томах
_tСобрание сочинений
_y5-9697-0001-0
_vТ. 3
512 1 _6z45790
_aСказка моей жизни
790 1 _4070
_8rus
_7ca
_aАндерсен
_bХ. К.
_f1805-1875
_gХанс Кристиан
_3RU\NLR\auth\772165
_9112181
801 0 _aRU
_bNLR
_c20060214
_gPSBO
801 1 _aRU
_bNLR
_c20060214
942 _cBOOK
980 _aNB